[Event "ITA Universities-chT 3rd"]
[Site "Asiago"]
[Date "1995.09.06"]
[Round "1.2"]
[White "Malni, Riccardo"]
[Black "Stavru, Alessandro"]
[Result "1/2-1/2"]
[WhiteElo "1618"]
[BlackElo "2250"]
[PlyCount "40"]
[EventDate "1995.09.06"]
[EventType "team-swiss"]
[EventRounds "5"]
[EventCountry "ITA"]
[SourceTitle "EXT 2023"]
[Source "ChessBase"]
[SourceDate "2022.10.05"]
[SourceVersion "1"]
[SourceVersionDate "2022.10.05"]
[SourceQuality "1"]
[WhiteTeam "Verona"]
[BlackTeam "Roma Sapienza"]
[WhiteTeamCountry "ITA"]
[BlackTeamCountry "ITA"]

1. e4 c5 2. Nf3 d6 3. d4 cxd4 4. Nxd4 Nf6 5. Nc3 a6 6. Be2 e5 7. Nb3 Be7 8. 0-0 0-0 9. Be3 Be6 10. f4 exf4 11. Bxf4 Nc6 12. Kh1 Rc8 13. Qe1 Nd7 14. Rd1 Nde5 15. Nd5 Bg5 16. c3 Re8 17. Qd2 Bxf4 18. Qxf4 Ne7 19. Bh5 N7g6 20. Bxg6 hxg6 1/2-1/2